Llanos de Colombia (Registro nro. 3097)
[ vista simple ]
| 000 -CABECERA | |
|---|---|
| Campo de control | 00759cam a2200229 a 4500 |
| 005 - FECHA Y HORA DE LA ULTIMA TRANSACCION | |
| Campo de control | 20180814165801.0 |
| 008 - ELEMENTOS DE LONGITUD FIJA—INFORMACION GENERAL | |
| Campo de control | 911113s19860000ck ao d 0 spa d |
| 020 ## - ISBN | |
| ISBN | 9589045294 |
| 040 ## - FUENTE DE CATALOGACIÓN | |
| Agencia catalogadora original | CO-BoPUJ |
| Agencia transcriptora | CO-BoIAVH |
| Agencia Modificadora | CO-BoIAVH |
| 041 ## - IDIOMA | |
| Código de idioma para texto/pista de sonido o título separado | Español |
| 044 ## - PAÍS DE PUBLICACIÓN | |
| País de publicación | Colombia |
| 082 04 - NUMERO DE CLASIFICACION DECIMAL DEWEY | |
| Número de clasificación | 918.619 |
| Número del ítem | L79c |
| 245 00 - MENCION DE TITULO | |
| Título | Llanos de Colombia |
| 250 ## - MENCION DE EDICION | |
| Mención de edición | Segunda edición |
| 260 ## - PUBLICACION, DISTRIBUCION, ETC. (PIE DE IMPRENTA) | |
| Lugar de publicación, distribución, etc. | Bogotá (Colombia) : |
| Nombre del editor, distribuidor, etc. | Occidental de Colombia, |
| Fecha de publicación, distribución, etc. | 1986. |
| 300 ## - DESCRIPCION FISICA | |
| Extensión | 204 páginas : |
| Otros detalles físicos | fotografías a color ; |
| Dimensiones | 42 x 30 cm. |
| 504 ## - NOTA DE BIBLIOGRAFIA, ETC. | |
| Nota de bibliografía | Incluye referencias bibliográficas. |
| 651 26 - ASIENTO SECUNDARIO DE MATERIA - NOMBRE GEOGRAFICO | |
| Nombre geográfico | Orinoquía (Región, Colombia) |
| Subdivisión general | Descripciones y viajes |
| 9 (RLIN) | 101215 |
| 651 26 - ASIENTO SECUNDARIO DE MATERIA - NOMBRE GEOGRAFICO | |
| Nombre geográfico | Orinoquía (Región, Colombia) |
| Subdivisión general | Fotografías |
| 9 (RLIN) | 101216 |
| 710 2# - ASIENTO SECUNDARIO - NOMBRE CORPORATIVO | |
| Nombre corporativo o de jurisdicción como elemento de entrada | Occidental de Colombia |
| 9 (RLIN) | 1428 |
| 942 ## - ELEMENTOS ADICIONALES (KOHA) | |
| Sistema de clasificación | Dewey Decimal Classification |
| Tipo de ítem | Libro |
| Withdrawn status | Lost status | Sistema de Clasificación | Damaged status | No para préstamo | Colección | Ubicación Permanente | Ubicación actual | Fecha de adquisición | Fuente de Valor | Total Checkouts | Número topográfico | Inventario / Código de Barras | Date last seen | Ejemplar | Price effective from | Forma de adquisición | Tipo de material |
|---|---|---|---|---|---|---|---|---|---|---|---|---|---|---|---|---|---|
| Dewey Decimal Classification | General | Bogotá | Bogotá | 05/03/2003 | CID Humboldt | LB-918.619 L79c | 005480 | 04/12/2012 | Ej. 1 | 04/12/2012 | Compra | Libro |